| 000 | 00695nam a2200181Ia 4500 | ||
|---|---|---|---|
| 008 | 100920s9999 xx 000 0 und d | ||
| 082 |
_b47367 _a410 थ 83 |
||
| 100 | _aकेळकर अशोक रा. | ||
| 245 | _aवैखरी भाषा आणि भाषाव्यवहार. | ||
| 260 |
_bमॅजेस्टिक बुक स्टॉल, मुंबई. _c1983 |
||
| 300 |
_a295 _bसाधी |
||
| 365 | _b50 | ||
| 520 | _aभाषा. | ||
| 630 | _aवैखरी भाषा आणि भाषाव्यवहार. | ||
| 650 | _aभाषा. | ||
| 730 | _aवैखरी भाषा आणि भाषाव्यवहार. | ||
| 942 | _cBOOK | ||
| 999 |
_c694760 _d694757 |
||